• 首页
  • 本馆介绍
  • 公告通知
  • 最新文献
  • 馆藏检索
  • 电子资源
  • 读者导购
  • 参考咨询
  • 我的图书馆
  • 登录
  • 详细信息显示
  • 放入我的书架
  • 预约/预借图书
  • 作者相关作品
  • 分类相关作品
  • 丛书相关作品
  • 出版社相关作品

书目信息

  • 表格格式
  • 工作单格式
  • 卡片格式
题名:
果树八十种病还识别与防治
    
 
作者: 王文学
分册:  
出版信息:   农业出版社  1992
页数: 186
开本: 20cm
丛书名:
单 册:
中图分类: S436.6
科图分类:
主题词: 植物--病虫害 , 植物--病虫害防治方法
电子资源:
ISBN: 7-109-02396-6
000 00578nam0 2200193 450
001 0741144344
005 20070817112544.34
010    @a7-109-02396-6@d¥11.50
100    @a20070817d km y0chiy0120 ea
101 0  @achi
200 1  @a果树八十种病还识别与防治@Aguo shu ba shi zhong bing hai shi bie yu fang zhi@f王文学等@Fwang wen xue deng
210    @c农业出版社@d1992
215    @a186@c彩图@d20cm
606 0  @a植物@x病虫害
606 0  @a植物@x病虫害防治方法
690    @aS436.6@v3
701  0 @a王文学@Awang wen xue
801  0 @aCN@bPFT@c20070817
905    @a213230@dS436.6@en1@f1
    
    果树八十种病还识别与防治/王文学等.-农业出版社,1992
    186:彩图;20cm
    
    
    ISBN 7-109-02396-6:¥11.50
    
●
相关链接 在E读中查询图书 在五车中查询图书 在当当中查询图书 在豆瓣中查询图书


正题名:果树八十种病还识别与防治     索取号:S436.6/n1         预约/预借

序号 登录号 条形码 馆藏地/架位号 状态 备注
1 6601391   266013912   密集书库-生命科学系/ [索取号:S436.6/n1] 在馆    
唐山师范学院图书馆 欢迎您!
大连网信软件有限公司© 版权所有